Red Book. Enfermedades infecciosas en pediatría. (Registro nro. 155)

Detalles MARC
000 -LEADER
fixed length control field 01310 am a2200313 a 4500
005 - FECHA ULTIMA MODIFICACION
control field 20240522132046.0
008 - CAMPO DE CONTROL (LIBRO)
fixed length control field 100319s1996||||ag ||||f |||| 001 0 spa d
020 ## - INTERNATIONAL STANDARD BOOK NUMBER
ISBN 9500617439
041 ## - CODIGO DE IDIOMA
Código de idioma del texto/pista de sonido o título separado spa
092 ## - SIGNATURA TOPOGRAFICA DEWEY LOCAL
número de clasificación 618.92
libristica 73
sección RED
245 ## - TITULO PROPIAMENTE DICHO
Título Red Book. Enfermedades infecciosas en pediatría.
Subtítulo y Título paralelo Informe del Comité de enfermedades infecciosas de la American Academy of Pediatrics /
Mención de responsabilidad y remanente de la transcripción de la portada Georges Peter
250 ## - MENCION DE EDICION
Mención de edición 23a ed. 1a reimp.
Mención de responsabilidad relacionada con la ed. Traducción Diana Klajn
260 ## - PIE DE IMPRENTA
Lugar de publicación, distribución, etc Buenos Aires:
Nombre de la editorial, distribuidor, etc Editorial Médica Panamericana;
Fecha de publicación 1996.
300 ## - DESCRIPCION FISICA
Extension 682 p.
500 ## - NOTA GENERAL
Nota general Peter, G. et al. (1996). Red Book. Enfermedades infecciosas en pediatría. Informe del Comité de enfermedades infecciosas de la American Academy of Pediatrics. (23a ed.). Buenos Aires : Editorial Médica Panamericana.
653 ## - TÉRMINO INDIZADO - PALABRAS CLAVES
Palabra clave Inmunización activa y pasiva
653 ## - TÉRMINO INDIZADO - PALABRAS CLAVES
Palabra clave Cuidado de los niños en circunstancias especiales
653 ## - TÉRMINO INDIZADO - PALABRAS CLAVES
Palabra clave Enfermedades infecciosas
653 ## - TÉRMINO INDIZADO - PALABRAS CLAVES
Palabra clave Profilaxis antimicrobiana
653 ## - TÉRMINO INDIZADO - PALABRAS CLAVES
Palabra clave Antimicrobianos y tratamiento relacionado
700 1# - ENTRADAS SECUNDARIAS - NOMBRE PERSONAL
Nombre personal Peter, Georges
Función Ed.
9 (RLIN) 466
700 1# - ENTRADAS SECUNDARIAS - NOMBRE PERSONAL
Nombre personal Halsey, Neal A.
Función Ed. asociado
9 (RLIN) 467
700 1# - ENTRADAS SECUNDARIAS - NOMBRE PERSONAL
Nombre personal Marcuse, Edgard K.
Función Ed. asociado
9 (RLIN) 468
700 1# - ENTRADAS SECUNDARIAS - NOMBRE PERSONAL
Nombre personal Pickering, Larry K.
Función Ed. asociado
9 (RLIN) 469
930 ## - NUMERO DE INVENTARIO
Número de inventario 971
930 ## - NUMERO DE INVENTARIO
Número de inventario 1666
930 ## - NUMERO DE INVENTARIO
Número de inventario 1983
942 ## - ADDED ENTRY ELEMENTS (KOHA)
Source of classification or shelving scheme Dewey Decimal Classification
Item type Libros
Existencias
Estado de retiro Existencia Fuente de clasificación Estado general No para prestamo Colección Ubicación permanente ubicación actual Sala de ubicación Fecha de adquisición Total Checkouts Número de clasificación Código de barras Date last seen Número de ejemplar Price effective from Koha tipo de elemento (item) Public note Date last borrowed
    Dewey Decimal Classification     Reference Biblioteca Medicina Biblioteca Medicina Referencia 13/05/2011   618.92 66 PET 971 06/11/2014 ej.1 13/05/2011 Reference LIBRO DE CONSULTA  
            Biblioteca Medicina Biblioteca Medicina Circulación 13/05/2011   618.92 66 PET 1666 06/11/2014 ej.3 13/05/2011 Libros    
            Biblioteca Medicina Biblioteca Medicina Circulación 13/05/2011 2 618.92 66 PET 1983 06/11/2014 ej.4 13/05/2011 Libros   20/09/2012

UNIVERSIDAD NACIONAL DEL COMAHUE
Biblioteca de la Facultad de Ciencias Médicas
Sede Toschi: Los Arrayanes y Av. Toschi, Cipolletti  - Rio Negro
Sede Los Tordos:  Yrigoyen al 2211, Cipolletti - Rio Negro 

Teléfono: 0299 - 4774707 int 25
Contacto: biblioteca@facimed.uncoma.edu.ar
© 2011 - 2026